Card, Cross and Jones Criminal Law / (Record no. 5243)

MARC details
000 -LEADER
fixed length control field 01903nam a22003017a 4500
008 - FIXED-LENGTH DATA ELEMENTS--GENERAL INFORMATION
fixed length control field 130210t xxu||||| |||| 00| 0 eng d
020 ## - INTERNATIONAL STANDARD BOOK NUMBER
International Standard Book Number 9-7801-9964-6425
082 ## - DEWEY DECIMAL CLASSIFICATION NUMBER
Edition number 22 ed.
Classification number 345
Item number CAR
100 ## - MAIN ENTRY--PERSONAL NAME
Personal name Card, Richard
9 (RLIN) 12
245 ## - TITLE STATEMENT
Title Card, Cross and Jones Criminal Law /
Statement of responsibility, etc Richard Card
250 ## - EDITION STATEMENT
Edition statement 20 ed.
260 ## - PUBLICATION, DISTRIBUTION, ETC. (IMPRINT)
Place of publication, distribution, etc United Kingdom :
Name of publisher, distributor, etc Oxford University press
Date of publication, distribution, etc 2012
300 ## - PHYSICAL DESCRIPTION
Extent lviii, 826 P. ;
Dimensions 24 cm.
500 ## - GENERAL NOTE
General note Includes Index
650 ## - SUBJECT ADDED ENTRY--TOPICAL TERM
Topical term or geographic name as entry element Criminal Law
9 (RLIN) 887
650 ## - SUBJECT ADDED ENTRY--TOPICAL TERM
Topical term or geographic name as entry element Card, Cross and Jones Criminal Law
9 (RLIN) 6872
942 ## - ADDED ENTRY ELEMENTS (KOHA)
Source of classification or shelving scheme Dewey Decimal Classification
Item type Books
Holdings
Withdrawn status Lost status Source of classification or shelving scheme Damaged status Not for loan Home library Current library Shelving location Date acquired Total Checkouts Full call number Barcode Date last seen Price effective from Koha item type Public note
    Dewey Decimal Classification     Law Development Centre Main Library Law Development Centre Main Library Text Books and Laws 02/10/2013   345 CAR 4198/2013 02/10/2013 02/10/2013 Books Reserve
    Dewey Decimal Classification     Law Development Centre Main Library Law Development Centre Main Library Text Books and Laws 02/10/2013   345 CAR 4199/2013 02/10/2013 02/10/2013 Books Reserve
    Dewey Decimal Classification     Law Development Centre Main Library Law Development Centre Main Library Text Books and Laws 02/10/2013   345 CAR 4200/2013 02/10/2013 02/10/2013 Books Reserve
    Dewey Decimal Classification     Law Development Centre Main Library Law Development Centre Main Library Text Books and Laws 02/10/2013   345 CAR 4201/2013 02/10/2013 02/10/2013 Books Reserve
    Dewey Decimal Classification     Law Development Centre Main Library Law Development Centre Main Library Text Books and Laws 02/10/2013   345 CAR 4202/2013 02/10/2013 02/10/2013 Books Reserve
    Dewey Decimal Classification     Law Development Centre Main Library Law Development Centre Main Library Text Books and Laws 02/10/2013   345 CAR 4203/2013 02/10/2013 02/10/2013 Books Reserve
    Dewey Decimal Classification     Law Development Centre Main Library Law Development Centre Main Library Text Books and Laws 02/10/2013   345 CAR 4204/2013 02/10/2013 02/10/2013 Books Reserve
    Dewey Decimal Classification     Law Development Centre Main Library Law Development Centre Main Library Text Books and Laws 02/10/2013   345 CAR 4205/2013 02/10/2013 02/10/2013 Books Reserve
    Dewey Decimal Classification     Law Development Centre Main Library Law Development Centre Main Library Text Books and Laws 02/10/2013   345 CAR 4206/2013 02/10/2013 02/10/2013 Books Reserve
    Dewey Decimal Classification     Law Development Centre Main Library Law Development Centre Main Library Text Books and Laws 02/10/2013   345 CAR 4207/2013 02/10/2013 02/10/2013 Books Reserve